One Piece - Punk Hazard Ultimate Quiz - Statistics

General Stats
  • This quiz has been taken 86 times
  • The average score is 19 of 30
Answer Stats
Question Answer % Correct
Some of the abducted kids were huge, why is that? They were experimented on
88%
On what side of Punk Hazard did the SH arrive first? Fire side
86%
How come Ceasar's poison gas was ineffective against Luffy? Luffy's poison immunity thanks to Magellan
84%
After Law’s Shambles, which pairing never happened? Robin's mind / Zoro's body
84%
What is the name of Ceasar's “pet”? Smiley
84%
Why did the SH go on Punk Hazard? They received a distress call from there
84%
What is Law’s condition to Doflamingo to give Ceasar back? Quit the Seven Warlords
79%
What are the names of the Yeti Cool Brothers? Rock / Scotch
79%
Who are the two Donquixote Pirates coming to get Ceasar back? Baby 5 / Buffalo
78%
What was the original landscape of Punk Hazard? Lush vegetation
78%
Which member of the Doflamingo family do we see first? Monet
77%
Who saves Smoker from Doflamingo? Aokiji
74%
Instead of Smoker's, whose heart did Law give back to Ceasar? Monet
74%
What is the name of the “giant” kid who ate all the drug candy to protect the others? Mocha
73%
What is the origin of the lake in the middle of Punk Hazard? It is the result of Akainu and Aokiji's battle
69%
What devil fruit does this pet have? Sala Sala fruit, model Axolotl
65%
After being trapped in a cage, which protagonist managed to get rid of their cuffs first? Law
60%
Which island is not among the ones the log pose points to when arriving in the New World? Punk Hazard
57%
Where did the SH retrieve Kinemon's torso? At the bottom of the lake
56%
Which one of Kaido’s commanders is first mentioned in this arc? Jack
56%
Which attack does Luffy use for the first time to defeat Cesar Clown? Grizzly Magnum
53%
Since when was Punk Hazard (officially) uninhabited? Since a chemical incident 4 years ago
53%
Why did Luffy agree to make an alliance with Law in the first place? Because the final target is "only" Kaido, not Shanks
52%
Why was Smoker stalling while fighting against Vergo? To allow Law to counter-attack
49%
What is the bounty of Ceasar Clown? 300M
48%
Upon leaving Punk Hazard, which of this information have not been declared within the same newspaper? The date of the upcoming Reverie
45%
Who were the first SH members that the Yeti Cool Brothers met? Zoro / Nami / Brook
42%
What was Trafalgar Law’s bounty before becoming a warlord? 440M
36%
Since how long were Kin’emon and Momonosuke on PH? 10 days
35%
Which one of the Yeti Cool Brothers wears a gas mask? Rock
26%
No matching quizzes found
Score Distribution
Percent of People with Each Score
Percentile by Number Answered
Your Score History
You have not taken this quiz